Decision making with the analytic network process : economic, political, social and technological applications with benefits, opportunities, costs and risks
Saved in:
| Main Author: | |
|---|---|
| Other Authors: | |
| Format: | Book |
| Language: | English |
| Published: |
New York :
Springer,
c2006
|
| Series: | International series in operations research & management science ;
; 95 |
| Subjects: | |
| Tags: |
Add Tag
No Tags, Be the first to tag this record!
|
MARC
| LEADER | 00000nam a2200000 i 4500 | ||
|---|---|---|---|
| 001 | 1/94716 | ||
| 008 | 080930s2006 eng d | ||
| 020 | |a 978-0387-33859-0 (hbk.) | ||
| 020 | |a 0-387-33859-4 (hbk.) | ||
| 035 | |l 10100530 | ||
| 040 | |a GR-MY-UA |b gre |e aacr | ||
| 041 | 0 | |a eng | |
| 082 | 0 | |a 302.3 |2 (22) | |
| 100 | 1 | |a Saaty, Thomas L. | |
| 245 | 1 | 0 | |a Decision making with the analytic network process : |b economic, political, social and technological applications with benefits, opportunities, costs and risks / |c by Thomas L. Saaty and Luis G. Vargas |
| 260 | |a New York : |b Springer, |c c2006 | ||
| 300 | |a ix, 278 σ.; |b εικ., πίν., διαγρ.; |c 24 εκ. | ||
| 490 | 1 | |a International series in operations research & management science |v ; 95 | |
| 504 | |a Περιέχει βιβλιογραφικές παραπομπές και ευρετήριο | ||
| 650 | 0 | 0 | |a Decision making |x Mathematical models. |
| 650 | 0 | 0 | |a Problem solving. |
| 700 | 1 | |a Vargas, Luis G. |q (Luis Gonzalez) | |
| 830 | 0 | |a International series in operations research & management science ; |v ; 95 | |
| 852 | |a INST |b LESVOS |e 20080930 |h 302.3 SAA |p 005100044368 |q 005100044368 |t BK |y 0 | ||
| 901 | |a BIBL1-2008-3 | ||
| 909 | |a Λ |b 143928 | ||
| 922 | |a 1ΕΛΗ |b 200801 |c ΕΠΕΑΕΚ2/ΤΠ |d ΠΑΠΑΣΩΤΗΡΙΟΥ | ||
| 970 | |a ΓΙΑΛΑΜΑ |b ΜΑΡΙΑ |z 2008/09/30 | ||